Olympia 2024 - Länder im Team-Wettbewerb Tischtennis FRAUEN - Statistiken

Allgemein
  • Dieses Quiz wurde 37 mal gespielt
  • Das Durchschnittsergebnis liegt bei 9 aus 16
Antwortstatistiken
Nation % Korrekt
Deutschland
100%
China
96%
Japan
86%
Südkorea
86%
Frankreich
82%
USA
79%
Schweden
68%
Brasilien
54%
Australien
50%
Indien
50%
Taiwan
50%
Polen
32%
Rumänien
25%
Thailand
25%
Hongkong
21%
Ägypten
14%
Keine übereinstimmenden Quizze gefunden
Verteilung der Resultate
Anzahl Personen mit jedem Resultat
Perzentil nach korrekt beantworteten Fragen
Ihre Resultats-Entwicklung
Sie haben dieses Quiz noch nicht gespielt